000 01112nam0a22002771 4500
001 rc\4783392
005 20250613083432.0
021 _aRU
_b[63-73899]
035 _a(NLR Aleph) 009030819
090 _a9488090
_c9488090
100 _a20130417d1963 |||y0rusy50 ca
101 0 _arus
102 _aRU
105 _aac z |||||
200 1 _aПриключения Незнайки
_aПриключения Незнайки и его друзей
_aНезнайка в Солнечном городе
_e[Для мл. школьного возраста
_fИл.: А. Лаптев]
210 _aМосква
_cДетгиз
_d1963
215 _a510 с., 1 л. портр.
_cил.
_d20
225 1 _aЗолотая библиотека
_iИзбранные произведения для детей и юношества
608 _aСказки русские (д. л.)
_2psbo
700 1 _aНосов
_bН.Н.
_f1908-1976
_gНиколай Николаевич
702 1 _aЛаптев
_bА.
_4440
801 0 _aRU
_bNLR
_gpsbo
801 1 _aRU
_bELAR
_2rusmarc
852 _aNLR
_j63-3/5301
942 _cBOOK
980 _aNB